Macbeth (Record no. 140762)

MARC details
000 -LEADER
fixed length control field 00360nam a2200157Ia 4500
008 - FIXED-LENGTH DATA ELEMENTS--GENERAL INFORMATION
fixed length control field 230917s9999||||xx |||||||||||||| ||und||
020 ## - ISBN
Price RS6
040 ## - CATALOGING SOURCE
-- 83906
Original cataloging agency VIVEKANANDA LIBRARY
041 ## - Language
-- English
082 ## - DDC NUMBER
Classification number 822.33 S15M
100 ## - MAIN ENTRY--PERSONAL NAME
Personal name Shakespeare, Macmillan
245 #0 - TITLE STATEMENT
Title Macbeth
260 ## - PUBLICATION, DISTRIBUTION, ETC. (IMPRINT)
Place of publication, distribution, etc Basingstoke
Name of publisher, distributor, etc Macmillan
Date of publication, distribution, etc 1972
300 ## - PHYSICAL DESCRIPTION
Pages 191 p.
942 ## - ADDED ENTRY ELEMENTS (KOHA)
Koha item type Books
Holdings
Withdrawn status Lost status Damaged status Not for loan Location (home branch) Sublocation or collection (holding branch) Date acquired Koha issues (times borrowed) Koha full call number Accession No. Koha date last seen Koha item type
        VIVEKANANDA LIBRARY VIVEKANANDA LIBRARY 24/03/2003   822.33 S15M 24503 17/09/2023 Books
© Designed and Maintained by Vivekananda Library, MDU Rohtak